000 004440000a22001690004500
003 MACL
005 20160102132902.0
008 160102b xxu||||| |||| 00| 0 eng d
040 _aMACL
_cMACL
041 _aEnglish
082 _a595.7/HAL
100 _aJames Nisbet & Co Ltd
_925571
245 _aHalf Hours in The Tiny World
260 _bJames Nisbet & Co Ltd
_c1903
_aLondon
650 _aLife Science
_927077
942 _cBK
_k595.7/HAL
_2ddc
999 _c37226
_d37226